000
00315nam a22001457a 4500
003
SGT
082
_a
616.07
_b
S13S
100
_a
SAJAL, TAHMINUR,R.
245
_a
A SHORT TEXT BOOK OF PATHOLOGY
250
_a
2ND
260
_a
INDIA
_b
JAYPEE PUB
_c
2013
300
_a
609
650
_a
HOMOEOPATHIC
942
_2
ddc
_c
BK
999
_c
18599
_d
18599